| 000 | 00685nam0a22002531 4500 | ||
|---|---|---|---|
| 001 | RU\INGAK2\INFOCOMM_322\NLR\5000111506 | ||
| 005 | 20250625202344.0 | ||
| 035 | _a(NLR Aleph) 011022735 | ||
| 090 |
_a11075747 _c11075747 |
||
| 100 | _a20121215d1933 |||y0rusy50 ca | ||
| 101 | 0 | _ahun | |
| 102 | _aRU | ||
| 105 | _ay z|||| | ||
| 200 | 1 | _aEmlékezés Szamuely Tiborra | |
| 210 |
_a[M. _aL. _d1933] |
||
| 215 | _aС. 3-42 | ||
| 300 | _aВ кн.: Szamuely, Tibor. Riadó. M.-L., 1933, с. 3-42 | ||
| 620 | _aМосква | ||
| 700 | 1 |
_aKun _bB. _f1886-1939 _gBéla |
|
| 801 | 1 |
_aRU _bInfoComm _c20121215 |
|
| 801 | 0 |
_aRU _bNLR _gPSBO |
|
| 852 |
_aNLR _jИ31 В-3/35 |
||
| 942 | _cBOOK | ||
| 980 | _aNB | ||